000 00629nam a2200205 4500
001 139622
003 ES-MaACL
005 20230906195845.0
007 t|
008 070214s1966 sp r ||||1| spa d
100 1 _aSavaton, Agustín.
_9104060
245 1 0 _aAprender a esperar
_b: valores fundamentales del monaquismo /
_cAgustín Savaton ; traducción de Marcial Portela.
260 _aSalamanca :
_bSígueme,
_c1966.
300 _a164 p. ;
_c19 cm.
490 1 _aEstela ;
_v35
700 1 _aPortela, Marcial.
_993205
830 0 _aEstela ;
_v35
_9181322
852 _aES-MaACL
_jC-46440
_bR.81858
999 _c139622
_d139622